| 000 | 00422nam a22001217a 4500 | ||
|---|---|---|---|
| 082 | _a200 THE | ||
| 100 |
_aSyeda Tazeen Fatima _970106 |
||
| 245 | _aTH-SOF-1252-A PREDICTIVE ANALYTICS APPROACH TO PROJECT MANAGEMENT REDUCING PROJECT FAILURES IN WEB & SOFTWARE DEVELOPMENT PROJECTS | ||
| 260 |
_aIslamabad _bNUST College of EME _c2016 |
||
| 650 | _a MS-EM-8 MSTHESIS | ||
| 700 | _aSupervisor Dr. Nawar Khan | ||
| 942 | _cCF | ||
| 999 |
_c577146 _d577146 |
||